| 000 | 00792nam a2200253Ia 4500 | ||
|---|---|---|---|
| 003 | OSt | ||
| 005 | 20220926034540.0 | ||
| 006 | a|||||r|||| 00| 0 | ||
| 007 | ta | ||
| 008 | 220923b |||||||| |||| 00| 0 eng d | ||
| 037 | _cGeneral Book | ||
| 040 |
_aRTL _cRTL _beng |
||
| 041 |
_2eng _aeng |
||
| 082 | _aX:(G:55), N6 | ||
| 100 |
_aEskeland Gunnar S. _9340874 |
||
| 245 | 0 |
_aTaxing bads by taxing goods _b Pollution control wi |
|
| 260 |
_aWashington _bWorld Bank U. S. A. _c1996 |
||
| 300 |
_a61p. Bibliography p.57-61 _ccm. |
||
| 490 | _aDirections in Development | ||
| 650 | _aEnvironmental Economics | ||
| 700 |
_a Devarajan Shantayanan _9340875 |
||
| 942 |
_hX:(G:55), N6 _cGB _2CC |
||
| 999 |
_c659777 _d659777 |
||